Slováci hľadajú prácu v Googli...

Google ako TOP zamestnávateľ roka 2012. Hodnotenie značky. 24. miesto v rebríčku najinovatívnejších firiem sveta. Kvalitné služby a produkty. Google z pohľadu uchádzačov o prácu. Dobré meno spoločnosti. Dôvody výberu spoločnosti.

Na minha lista:
Detalhes bibliográficos
Autor principal: Matijek, Peter
Formato: Capítulo de Livro
Idioma:eslovaco
Assuntos:
Tags: Adicionar Tag
Sem tags, seja o primeiro a adicionar uma tag!

MARC

LEADER 00000naa a2200000 4500
001 0165607
005 20231013090141.0
041 0 |a slo 
044 |a SK 
245 1 0 |a Slováci hľadajú prácu v Googli...  |c Peter Matijek 
520 |a Google ako TOP zamestnávateľ roka 2012. Hodnotenie značky. 24. miesto v rebríčku najinovatívnejších firiem sveta. Kvalitné služby a produkty. Google z pohľadu uchádzačov o prácu. Dobré meno spoločnosti. Dôvody výberu spoločnosti. 
610 2 0 |a firmy 
610 2 0 |a internet 
610 2 0 |a technológie informačné 
610 2 0 |a technológie komunikačné 
610 2 0 |a zamestnanci 
610 2 0 |a zamestnávatelia 
610 2 0 |a informácie 
610 2 0 |a práca 
100 1 |a Matijek, Peter